| 000 | 00633nam a22001935i 4500 | ||
|---|---|---|---|
| 001 | 162760 | ||
| 003 | ES-MaACL | ||
| 005 | 20250131234115.0 | ||
| 008 | 990127s1880 ne |||| | dut d | ||
| 040 |
_aCCPB | B _bspa _cCCPB | B |
||
| 100 | 1 |
_aPutman, J. J. _9131439 |
|
| 245 | 1 | 0 |
_aStudiën over Calderon / _cen zijne geschriften door J. J. Putman. |
| 260 |
_aUtrecht : _bJ. L. Beijers, _c1880. |
||
| 300 |
_aX, 490 p. ; _c23 cm. |
||
| 600 | 1 | 4 |
_aCalderón de la Barca, Pedro- _xCrítica e interpretación _933614 |
| 752 |
_aHolanda - _dUtrecht |
||
| 852 |
_aES-MaACL _jG-386 _z-- Enc. hol. |
||
| 999 |
_c162760 _d162760 |
||